| 000 | 00405 a2200133 4500 | ||
|---|---|---|---|
| 020 | _a0534372813 | ||
| 082 | _a519.5 DEV | ||
| 100 | _aDevore, Jay L. | ||
| 245 |
_aProbability and statistics for engineering and the sciences _cJay L. Devore. |
||
| 250 | _a5th ed. | ||
| 260 |
_aPacific Grove, Calif. : _bDuxbury _c1999. |
||
| 300 |
_axvi, 775 p. : _bcol, ill. ; _c25 cm. |
||
| 650 | _aProbabilities. | ||
| 650 | _aMathematical statistics. | ||
| 999 |
_c540 _d540 |
||